00802pam a2200241 a 4500001000800000005001700008008004100025010001700066020003200083040002300115041000800138060002200146080001800168082002200186100000600208101000800214245009600222504005100318906004500369942001200414999001700426952011700443161597820180221034151.0950809s1996 nyua b 001 0 eng c a 95025144  a1572300256 (acidfree paper) aDNLM/DLCcDLCdDLC aeng10aWM 270 T7818 1995 a616.8606 ROT00a616.8606 ROT220 a4 aSHM00aTreating substance abuse :cedited by Frederick Rotgers, Daniel S. Keller, Jon Morgenstern. aIncludes bibliographical references and index. a7bcbccorignewd1eocipf19gy-gencatlg 2ddccBK c42985d42985 00102udc40708PËKGa002b002cPËKGd2018-02-21l0o616.8606 ROTp002-2999939r2018-02-21w2018-02-21yBK